000 00475nam a22001697a 4500
020 _a9780071254427
050 _aTK5105
_b.F66 2007
100 _a Forouzan, Behrouz A
245 _aData communications and networking
250 _a4th Edition
260 _aNew York
_bMcGraw Hill
_c2007
300 _axxxiv, 1134p.
500 _aincludes index
650 _bComputer networks, Data transmission systems
_vBOOK
_xHard cover
700 _aFegan, Sophia Chung
942 _cGEN
999 _c589
_d589